000 00524pab a2200181 454500
008 180718b2015 xxu||||| |||| 00| 0 eng d
100 _aSrivastava, Shivani
245 _aSocial responsibility among students in National Service Scheme through participatory methods
260 _c2015
300 _ap.23-26.
362 _a22 Jun
650 _aParticipatory development
650 _aSocial responsibility
650 _aNational Service Scheme
650 _aStudents
773 _aUniversity News
909 _a108304
999 _c108299
_d108299